000 00505nam a22001577a 4500
003 ASAB
005 20180827062842.0
008 180514t xxu||||| |||| 00| 0 eng d
040 _cASAB
100 _aAAMIR RANA-Sup-Dr. Muhammad Tahir
_93948
245 _aTH-MS-Bt gene expression profiling of Candidate cotton Lines of Pakistan
_cAAMIR RANA-Sup-Dr. Muhammad Tahir
260 _aIslamabad
_bASAB NUST
_c2014
300 _axiv, 50 P
_b30 cm
630 _aVirology and Immunology
_93949
942 _2ddc
_cTH
999 _c480874
_d480874